000 00672nam a2200253Ia 4500
003 OSt
005 20220918221043.0
006 a|||||r|||| 00| 0
007 ta
008 220917b |||||||| |||| 00| 0 eng d
024 _a148,078
037 _cTextual
040 _aARTS
_cARTS
_beng
041 _2eng
_aeng
082 _aS8:44, M7;N6
100 _aBillig Michael
245 0 _aArguing and thinking
_b a rhetorical approach to social psychology
250 _a2nd
260 _aCambridge
_bCUP
_c1996
300 _aviii,325p.
_ccm.
650 _aPSYCHOLOGY
942 _hS8:44, M7;N6
_cTEXL
_2CC
999 _c270755
_d270755